• 首页
  • 本馆介绍
  • 公告通知
  • 最新文献
  • 馆藏检索
  • 电子资源
  • 读者导购
  • 参考咨询
  • 我的图书馆
  • 登录
  • 详细信息显示
  • 放入我的书架
  • 预约/预借图书
  • 作者相关作品
  • 分类相关作品
  • 丛书相关作品
  • 出版社相关作品

书目信息

  • 表格格式
  • 工作单格式
  • 卡片格式
题名:
风险思维
    
 
作者: 埃文斯 著 ;石晓燕 译
分册:  
出版信息: 北京   中信出版社  2013
页数: 264页
开本: 23cm
丛书名:
单 册:
中图分类: F272.3
科图分类:
主题词: 风险管理
电子资源:
ISBN: 978-7-5086-3924-6
000 01175nam0 2200265 450
001 523
005 20140909091602.67
010    @a978-7-5086-3924-6@dCNY39.00
100    @a20130625d2013 em y0chiy50 ea
101 1  @achi@ceng
102    @aCN@b110000
105    @ay z 000yy
106    @ar
200 1  @a风险思维@e如何应对不确定的未来@dRisk intelligence@ehow to live with uncertainty@f(英)迪伦·埃文斯(Dylan Evans)著@g石晓燕译@zeng
210    @a北京@c中信出版社@d2013
215    @a264页@d23cm
330    @a本书介绍了大量具有吸引力的研究成果,并运用现实生活中的各种例子,例如,股价变化以及一个人是否会患上癌症或者在交通事故中是否会受伤,为什么在医学风险商方面的缺陷会导致病人得不到最佳治疗,可以说大到预防恐怖活动,小到让孩子骑自行车到公园。作者揭示了我们在思考过程中常犯的一些削弱风险商的错误,还提供了衡量风险商的简单测试和一系列可以用来提高风险商的简单方法。
510 1  @aRisk intelligence@ehow to live with uncertainty@zeng
517 1  @a如何应对不确定的未来
606 0  @a风险管理
690    @aF272.3@v5
701  0 @c(英)@a埃文斯@c(Evans, Dylan 风险管理)@4著
702  0 @a石晓燕@4译
801  0 @aCN@bTANGWEI@c20140603
905    @b0842492-94@dF272.3@e1017@f3
    
    风险思维:如何应对不确定的未来=Risk intelligence:how to live with uncertainty/(英)迪伦·埃文斯(Dylan Evans)著/石晓燕译.-北京:中信出版社,2013
    264页;23cm
    
    
    ISBN 978-7-5086-3924-6:CNY39.00
    本书介绍了大量具有吸引力的研究成果,并运用现实生活中的各种例子,例如,股价变化以及一个人是否会患上癌症或者在交通事故中是否会受伤,为什么在医学风险商方面的缺陷会导致病人得不到最佳治疗,可以说大到预防恐怖活动,小到让孩子骑自行车到公园。作者揭示了我们在思考过程中常犯的一些削弱风险商的错误,还提供了衡量风险商的简单测试和一系列可以用来提高风险商的简单方法。
●
相关链接 在E读中查询图书 在五车中查询图书 在当当中查询图书 在豆瓣中查询图书


正题名:风险思维     索取号:F272.3/1017         预约/预借

序号 登录号 条形码 馆藏地/架位号 状态 备注
1 0842492   208424926   第一样本阅览室/ [索取号:F272.3/1017] 在馆    
2 0842493   208424935   密集书库-海洋学院/ [索取号:F272.3/1017] 在馆    
3 0842494   208424944   第一借阅区/ [索取号:F272.3/1017] 在馆    
唐山师范学院图书馆 欢迎您!
大连网信软件有限公司© 版权所有